| 000 | 03953cam a22003977a 4500 | ||
|---|---|---|---|
| 999 |
_c330215 _d330215 |
||
| 001 | 17131946 | ||
| 003 | NUST | ||
| 005 | 20170614104250.0 | ||
| 008 | 120124s2012 flua b 001 0 eng | ||
| 010 | _a 2012000511 | ||
| 020 | _a9781439862667 (pbk.) | ||
| 040 |
_aDLC _cDLC _dDLC |
||
| 042 | _apcc | ||
| 050 | 0 | 0 |
_aQH545.A1 _bP745 2012 |
| 082 | 0 | 0 |
_a577.27 WAL _223 |
| 084 |
_aSCI026000 _aTEC010000 _2bisacsh |
||
| 100 | 1 |
_aWalker, C. H. _q(Colin Harold), _d1936- _92628 |
|
| 245 | 1 | 0 |
_aPrinciples of ecotoxicology / _cC.H. Walker, R.M. Sibly, S.P. Hopkin, D.B. Peakall. |
| 250 | _a4th ed. | ||
| 260 |
_aBoca Raton, FL : _bCRC Press, _c2012. |
||
| 300 |
_axxv, 360 p. : _bill. ; _c26 cm. |
||
| 500 | _aRev. ed. of: Principles of ecotoxicology / C.H. Walker ... [et al.]. c2006. | ||
| 501 | _aP.B | ||
| 504 | _aIncludes bibliographical references and index. | ||
| 520 |
_a"Now in its fourth edition, this exceptionally accessible text provides students with a multidisciplinary perspective and a grounding in the fundamental principles required for research in toxicology today. Its concisesness and readability makes it highly popular with students, while its focus on principles makes its the preferred choice of instructors.Discussing the fundamental chemical and ecological nature of pollution processes, the authors identifiy the major classes of pollutants and their environmental fate while examining those pollutants deserving closer scrutiny. They also cover naturally occurring poisons, the history of chemical warfare, population risk assessment, community structure, neonicotinoids, endocrine disruption, neurotoxicity, and the employment of biomarker strategies in field studies. In addition to updating the text throughout, this fourth edition--Includes a new chapter on future directions of ecotoxicologyProvides new material on nanoparticle pollution and effects of chemical weaponsOffers numerous new case studies, many from the U.S.Expands coverage of bioaccumulation, biomarkers, and risk assessment for affected populations "-- _cProvided by publisher. |
||
| 520 |
_a"Preface to Fourth Edition Since publication of the first edition of Principles of Ecotoxicology, both David Peakall and Steve Hopkin have died--serious losses to the international scientific community. Both made key contributions to the first two editions and this fourth edition is dedicated to their memories. The origins of this book lie in the MSc course titled "Ecotoxicology of Natural Populations," first taught at Reading in 1991. Ecotoxicology was then emerging as a distinct subject of interdisciplinary character. The structure of the course reflected this characteristic and was taught by people of widely differing backgrounds ranging from chemistry and biochemistry to population genetics and ecology. Combining the different disciplines in an integrated way was something of a challenge. The experience of teaching the course persuaded the authors of the need for a textbook that would deal with the basic principles of such a wide-ranging subject. The intention has been to approach ecotoxicology in a broad interdisciplinary way, cutting across traditional subject boundaries. However, the nature of the text is bound to reflect the experiences and interests of the authors"-- _cProvided by publisher. |
||
| 650 | 0 |
_aPollution. _92629 |
|
| 650 | 0 |
_aNature _xEffect of human beings on. _92630 |
|
| 650 | 0 |
_aEnvironmental toxicology. _92452 |
|
| 650 | 7 |
_aSCIENCE / Environmental Science. _2bisacsh _92228 |
|
| 650 | 7 |
_aTECHNOLOGY & ENGINEERING / Environmental / General. _2bisacsh _92631 |
|
| 700 | 1 |
_aSibly, R. M. _92632 |
|
| 700 | 1 |
_aHopkin, Stephen P. _92633 |
|
| 700 | 1 |
_aPeakall, David B. _92634 |
|
| 730 | 0 |
_aPrinciples of ecotoxicology. _92635 |
|
| 906 |
_a7 _bcbc _corignew _d1 _eecip _f20 _gy-gencatlg |
||
| 942 |
_2ddc _cBK _kIESE |
||